Which Country By Flags - Statistics

General Stats
  • This quiz has been taken 21 times
  • The average score is 7 of 10
Answer Stats
Question Answer % Correct
Which country is in Oceania?
90%
Which country DOESN'T have nuclear weapons?
80%
Which country has Arabic as an official language?
80%
Which country starts with an 'S'?
80%
Which country was on the Axis side in World War 2?
75%
Which country borders the Mediterranean?
70%
Which country WASN'T part of the Soviet Union?
65%
That has a population less than 100 million?
60%
Which country has 2 borders?
60%
Which country is an island nation in the Atlantic?
15%
No matching quizzes found
Score Distribution
Percent of People with Each Score
Percentile by Number Answered
Your Score History
You have not taken this quiz